Top 30 Rated Players on FIFA 17 Ultimate Team - Statistics

General Stats
  • This quiz has been taken 348 times
  • The average score is 24 of 30
Answer Stats
Rating Club Answer % Correct
93 Barcelona Messi
100%
94 Real Madrid Ronaldo
100%
92 Barcelona Neymar
99%
92 Barcelona Suarez
98%
92 Bayern Munich Neuer
94%
90 Real Madrid Bale
93%
89 Manchester City Aguero
88%
90 Bayern Munich Lewandowski
88%
89 Real Madrid Modric
88%
89 Real Madrid Ramos
87%
90 Manchester United De Gea
85%
88 Real Madrid Kroos
85%
88 Manchester United Pogba
84%
88 Chelsea Hazard
82%
90 Manchester United Ibrahimovic
82%
88 Borussia Dortmund Reus
82%
89 Arsenal Ozil
78%
88 Atletico Madrid Griezmann
76%
88 Barcelona Iniesta
76%
90 Bayern Munich Boateng
74%
88 Juventus Buffon
71%
88 Manchester City De Bruyne
71%
88 Atletico Madrid Godin
69%
89 Cheslea Courtois
67%
88 Juventus Chiellini
66%
88 Bayern Munich Lahm
64%
88 Arsenal Cech
60%
88 Juventus Higuain
60%
89 Paris Saint-Germain Thiago Silva
55%
88 Real Madrid Pepe
46%
No matching quizzes found
Score Distribution
Percent of People with Each Score
Percentile by Number Answered
Your Score History
You have not taken this quiz